000 00521nam a2200193 a 4500
001 1770452097166
003 YourLibrary
005 20260207134849.0
008 260207s2005##################000#0#eng##
020 _a9780262621885
082 0 4 _a333.7
_bLEV
100 1 _aLevy, David L.,
_eauthor.
245 1 0 _aThe Business of Global Environmental Governance :
260 _bMIT Press,
_c2005.
300 _a380 pages
650 0 _aBusiness & Economics.
942 _cENGLISH
040 _aYourLibrary
_beng
_cYourLibrary
999 _c610839
_d610839